[Event "Ugra-Mongolia (Women) m"]
[Site "Khanty-Mansiysk"]
[Date "2023.12.12"]
[Round "4.1"]
[White "Khulan, Enkhsaikhan"]
[Black "Kovanova, Baira"]
[Result "1-0"]
[WhiteElo "2074"]
[BlackElo "2337"]
[PlyCount "95"]
[EventDate "2023.12.11"]
[EventType "schev (rapid)"]
[EventRounds "6"]
[EventCountry "RUS"]
[SourceTitle "CB51_2023"]
[SourceDate "2023.12.20"]
[SourceVersion "1"]
[SourceVersionDate "2023.12.20"]
[SourceQuality "1"]
[WhiteTeam "Mongolia"]
[BlackTeam "Ugra"]
[WhiteTeamCountry "MGL"]
[BlackTeamCountry "RUS"]

1. c4 Nf6 2. Nc3 e5 3. Nf3 Nc6 4. d4 exd4 5. Nxd4 Bb4 6. e3 0-0 7. Be2 Ne4 8. Qc2 Nxc3 9. bxc3 Be7 10. 0-0 d6 11. Nxc6 bxc6 12. Bf3 Bd7 13. Rb1 a5 14. Ba3 Bf6 15. c5 Be5 16. cxd6 cxd6 17. Rfd1 Qc7 18. Qd3 Be6 19. Bxd6 Bxd6 20. Qxd6 Qxd6 21. Rxd6 Bxa2 22. Ra1 Bb3 23. Rxc6 a4 24. Kf1 h6 25. Ke1 Rfd8 26. c4 Ra7 27. Bd5 Rb8 28. Ra3 Rd7 29. e4 Bc2 30. Ra2 Rb1+ 31. Ke2 Bb3 32. Ra3 Kf8 33. Ke3 Ke7 34. h4 Bc2 35. f3 Rdb7 36. c5 R7b5 37. Rc7+ Kd8 38. Rxf7 Bb3 39. Kd4 Rd1+ 40. Ke5 Ke8 41. Bc6+ Kxf7 42. Bxb5 Rc1 43. Kd6 Rd1+ 44. Kc7 Rd4 45. c6 Ke7 46. Kb6 Rd1 47. c7 Rc1 48. Bc6 1-0

[Event "MGL-ch (Women)"]
[Site "Chinggis City"]
[Date "2022.05.15"]
[Round "4"]
[White "Munguntuul, Batkhuyag"]
[Black "Khulan, Enkhsaikhan"]
[Result "1-0"]
[WhiteElo "2443"]
[BlackElo "2111"]
[PlyCount "99"]
[EventDate "2022.05.12"]
[EventType "tourn"]
[EventRounds "11"]
[EventCountry "MGL"]
[SourceTitle "CBM 208 Extra"]
[Source "ChessBase"]
[SourceDate "2022.07.31"]
[SourceVersion "1"]
[SourceVersionDate "2022.07.31"]
[SourceQuality "1"]

1. e4 e6 2. d4 d5 3. Nc3 Nf6 4. e5 Nfd7 5. f4 c5 6. Nf3 Nc6 7. Be3 a6 8. Qd2 b5 9. dxc5 Bxc5 10. Bd3 Qb6 11. Bf2 Bxf2+ 12. Qxf2 Qxf2+ 13. Kxf2 Bb7 14. Rhe1 0-0 15. Ne2 f6 16. exf6 gxf6 17. Ned4 Nxd4 18. Nxd4 e5 19. Bf5 Nb6 20. fxe5 fxe5 21. Rxe5 Nc4 22. Re7 Bc8 23. g4 Nxb2 24. Rae1 Bxf5 25. Nxf5 Rf7 26. Kg3 Rxe7 27. Rxe7 Na4 28. Rc7 Nb6 29. Rb7 Nc4 30. Ne7+ Kf7 31. Nxd5+ Kg6 32. Nf4+ Kf6 33. Rxh7 a5 34. Rc7 Nd6 35. Rc6 Ke5 36. Rc5+ Ke4 37. h4 Rf8 38. Rc7 Ke3 39. Ng2+ Ke4 40. g5 Rf3+ 41. Kh2 Rf2 42. g6 Rf6 43. g7 Rg6 44. h5 Rg4 45. Kh3 Rg5 46. Nh4 Kf4 47. Ng6+ Kf3 48. g8Q Rg3+ 49. Kh2 Rg2+ 50. Kh1 1-0

[Event "Asia-ch Universities (Women)"]
[Site "Chess.com INT"]
[Date "2020.12.16"]
[Round "4"]
[White "Khulan, Enkhsaikhan"]
[Black "Liu, Manli"]
[Result "1/2-1/2"]
[WhiteElo "1889"]
[BlackElo "2046"]
[PlyCount "134"]
[EventDate "2020.12.15"]
[EventType "swiss"]
[EventRounds "9"]
[EventCountry "IRI"]
[SourceTitle "EXT 2022"]
[Source "ChessBase"]
[SourceDate "2021.10.06"]
[SourceVersion "1"]
[SourceVersionDate "2021.10.06"]
[SourceQuality "1"]

1. d4 Nf6 2. c4 e6 3. Nc3 d5 4. cxd5 exd5 5. Bg5 c6 6. Qc2 Be7 7. e3 Nbd7 8. Bd3 Nh5 9. Bxe7 Qxe7 10. Nge2 g6 11. 0-0 0-0 12. Rab1 a5 13. a3 Nb6 14. Na4 Nxa4 15. Qxa4 Bg4 16. Qc2 Ng7 17. Ng3 h5 18. h3 Bd7 19. b4 h4 20. Ne2 Bf5 21. Nf4 Bxd3 22. Nxd3 Nf5 23. Ne5 Nd6 24. a4 axb4 25. Rxb4 Nc4 26. Qc3 Nxe5 27. dxe5 Ra7 28. Rfb1 Rfa8 29. a5 Re8 30. f4 Qc7 31. Rb6 Re6 32. Qc5 Qe7 33. Qxe7 Rxe7 34. Kf2 Kg7 35. Kf3 f6 36. exf6+ Kxf6 37. a6 Rxa6 38. Rxa6 bxa6 39. Rb6 Re6 40. Rxa6 c5 41. Ra5 Rc6 42. Kg4 Ke6 43. Kxh4 Kf5 44. Kg3 Ke4 45. Kf2 c4 46. Ke2 c3 47. Ra4+ Kf5 48. g4+ Ke6 49. Ra1 c2 50. Kd2 d4 51. exd4 Kd5 52. Rc1 Kxd4 53. Rxc2 Rb6 54. Ra2 Ke4 55. Ra4+ Kf3 56. Rd4 Kg3 57. Ke3 Kxh3 58. f5 Kg3 59. Re4 gxf5 60. gxf5 Rb5 61. f6 Rf5 62. Re6 Rf1 63. Ke4 Kg4 64. Ra6 Kg5 65. Ke5 Rf5+ 66. Ke4 Rxf6 67. Rxf6 Kxf6 1/2-1/2

[Event "Asia-ch Universities (Women)"]
[Site "Chess.com INT"]
[Date "2020.12.15"]
[Round "1"]
[White "De Silva, Shelani"]
[Black "Khulan, Enkhsaikhan"]
[Result "0-1"]
[WhiteElo "1585"]
[BlackElo "1889"]
[PlyCount "60"]
[EventDate "2020.12.15"]
[EventType "swiss"]
[EventRounds "9"]
[EventCountry "IRI"]
[SourceTitle "EXT 2022"]
[Source "ChessBase"]
[SourceDate "2021.10.06"]
[SourceVersion "1"]
[SourceVersionDate "2021.10.06"]
[SourceQuality "1"]

1. e4 e6 2. d4 d5 3. Nc3 Nf6 4. e5 Nfd7 5. f4 c5 6. Nf3 Nc6 7. Be3 cxd4 8. Nxd4 Bc5 9. Qd2 Nxd4 10. Bxd4 a6 11. 0-0-0 Qc7 12. h3 b5 13. g4 Bb7 14. Bg2 Rc8 15. Qe2 b4 16. Nb1 Qa5 17. f5 Qxa2 18. fxe6 fxe6 19. Rhf1 Be7 20. Rde1 Bc6 21. Rf2 Bh4 22. Rd1 Bxf2 23. Qxf2 Rf8 24. Qe2 Bb5 25. Qe3 Qc4 26. Rd2 Nc5 27. Qg1 Nb3+ 28. Kd1 Nxd2 29. Nxd2 Qxc2+ 30. Ke1 Qc1# 0-1

[Event "MGL-ch (Women) 51st"]
[Site "Murun"]
[Date "2019.09.23"]
[Round "4"]
[White "Uchral, Gankhuyag"]
[Black "Khulan, Enkhsaikhan"]
[Result "0-1"]
[WhiteElo "1747"]
[BlackElo "2085"]
[PlyCount "60"]
[EventDate "2019.09.21"]
[EventType "tourn"]
[EventRounds "11"]
[EventCountry "MGL"]
[SourceTitle "EXT 2020"]
[Source "ChessBase"]
[SourceDate "2019.10.17"]
[SourceVersion "1"]
[SourceVersionDate "2019.10.17"]
[SourceQuality "1"]

1. e4 e6 2. d4 d5 3. Nd2 c5 4. dxc5 Bxc5 5. Nb3 Bb6 6. exd5 exd5 7. Nf3 Nf6 8. Bd3 0-0 9. 0-0 Nc6 10. c3 Ne4 11. Bf4 Qf6 12. Qc1 Bg4 13. Ng5 h6 14. Nxe4 dxe4 15. Bxe4 g5 16. Be3 Bc7 17. f4 Rfe8 18. Bxc6 Rxe3 19. Qxe3 Bxf4 20. Qf2 Qxc6 21. g3 Be5 22. Rae1 Qc7 23. Qc5 Bxg3 24. Qxc7 Bxc7 25. Kg2 Be6 26. Nd4 Bd5+ 27. Kh3 Bf4 28. Kg4 Kg7 29. h4 Kf6 30. Ne2 h5+ 0-1

[Event "World Amateur-ch U2300"]
[Site "Spoleto"]
[Date "2017.04.05"]
[Round "6"]
[White "Maddens, Martijn"]
[Black "Khulan, Enkhsaikhan"]
[Result "1/2-1/2"]
[WhiteElo "2206"]
[BlackElo "2003"]
[PlyCount "133"]
[EventDate "2017.04.01"]
[EventType "swiss"]
[EventRounds "9"]
[EventCountry "ITA"]
[SourceTitle "CBM 177 Extra"]
[Source "ChessBase"]
[SourceDate "2017.04.27"]
[SourceVersion "1"]
[SourceVersionDate "2017.04.27"]
[SourceQuality "1"]

1. e4 e6 2. d4 d5 3. e5 c5 4. c3 Nc6 5. Nf3 Qb6 6. Be2 Bd7 7. 0-0 cxd4 8. cxd4 Nge7 9. Na3 Nf5 10. Nc2 Be7 11. Rb1 Rc8 12. g4 Nh4 13. Nxh4 Bxh4 14. Be3 Na5 15. Bd3 Nc4 16. Bxc4 Rxc4 17. Na3 Be7 18. Nxc4 dxc4 19. Qe2 Qc7 20. Rfc1 b5 21. b3 Ba3 22. Rc2 c3 23. Qd3 b4 24. Bg5 Qc6 25. f3 Qd5 26. Qe4 Bc6 27. Qxd5 Bxd5 28. Kf2 Kd7 29. Bc1 Bxc1 30. Rcxc1 Kc6 31. Ke3 g5 32. h4 h5 33. Rg1 hxg4 34. Rxg4 gxh4 35. Rh1 h3 36. Rh2 a5 37. Rg3 a4 38. bxa4 Ra8 39. Rgxh3 Rxa4 40. Kd3 Bxa2 41. Rh8 Bb1+ 42. Kc4 Ba2+ 43. Rxa2 Rxa2 44. Kxb4 Rf2 45. Rc8+ Kd5 46. Rd8+ Kc6 47. Rd6+ Kc7 48. Kxc3 Rxf3+ 49. Kc4 Ra3 50. Kb4 Ra1 51. Kc3 Ra2 52. Kd3 Ra1 53. Ke4 Rf1 54. Ke3 Rf5 55. Ke4 Rf1 56. d5 Re1+ 57. Kf4 Rf1+ 58. Kg4 exd5 59. Rxd5 Rf2 60. Kg5 Rf1 61. Rd6 Re1 62. Kf6 Rf1+ 63. Ke7 Rf5 64. Rd7+ Kc6 65. Rd6+ Kc5 66. Rf6 Rxe5+ 67. Kxf7 1/2-1/2

[Event "World Amateur-ch U2300"]
[Site "Spoleto"]
[Date "2017.04.02"]
[Round "3"]
[White "Khulan, Enkhsaikhan"]
[Black "Zaika, Daniil"]
[Result "1/2-1/2"]
[WhiteElo "2003"]
[BlackElo "2128"]
[PlyCount "134"]
[EventDate "2017.04.01"]
[EventType "swiss"]
[EventRounds "9"]
[EventCountry "ITA"]
[SourceTitle "CBM 177 Extra"]
[Source "ChessBase"]
[SourceDate "2017.04.27"]
[SourceVersion "1"]
[SourceVersionDate "2017.04.27"]
[SourceQuality "1"]

1. g3 d5 2. Bg2 c6 3. Nf3 Nf6 4. 0-0 Bg4 5. d4 Nbd7 6. Bf4 e6 7. Nbd2 Be7 8. Re1 Nh5 9. Be3 0-0 10. h3 Bxf3 11. exf3 c5 12. f4 Nhf6 13. c4 Qb6 14. dxc5 Bxc5 15. cxd5 Nxd5 16. Bxd5 exd5 17. Nb3 Bxe3 18. Rxe3 Nf6 19. Qd4 Qxd4 20. Nxd4 Ne4 21. Rd1 Rfd8 22. Nb5 Nf6 23. Red3 Rd7 24. g4 Kf8 25. Nc3 Rad8 26. g5 Nh5 27. Rxd5 Rxd5 28. Rxd5 Ke7 29. Rxd8 Kxd8 30. Ne2 Kd7 31. Kg2 f5 32. Kf3 g6 33. Nd4 a6 34. Ke3 Kd6 35. Nf3 Ng7 36. Ne5 Ne6 37. h4 Nc7 38. a3 Nd5+ 39. Kf3 Nb6 40. b3 Nd5 41. Nf7+ Ke7 42. Ne5 Kd6 43. Nc4+ Kc5 44. Ne3 Nc3 45. h5 b5 46. Nxf5 gxh5 47. Ne3 a5 48. b4+ axb4 49. axb4+ Kd6 50. f5 Na2 51. Nc2 Ke5 52. f6 Ke6 53. Kg3 h6 54. f4 hxg5 55. fxg5 Kf7 56. Kh4 Kg6 57. Nd4 Nxb4 58. f7 Kxf7 59. Kxh5 Nd5 60. Kh6 Ne7 61. Nxb5 Ng8+ 62. Kh7 Nf6+ 63. Kh6 Ng8+ 64. Kh5 Nf6+ 65. Kh4 Nh7 66. Nd6+ Kg6 67. Ne4 Nxg5 1/2-1/2

[Event "MGL-ch (Women) 49th"]
[Site "Dadal"]
[Date "2017.03.25"]
[Round "11"]
[White "Ulziikhishigjargal, Ochirkhuyag"]
[Black "Khulan, Enkhsaikhan"]
[Result "1/2-1/2"]
[WhiteElo "1956"]
[BlackElo "1982"]
[PlyCount "197"]
[EventDate "2017.03.17"]
[EventType "tourn"]
[EventRounds "11"]
[EventCountry "MGL"]
[SourceTitle "CBM 177 Extra"]
[Source "ChessBase"]
[SourceDate "2017.04.27"]
[SourceVersion "1"]
[SourceVersionDate "2017.04.27"]
[SourceQuality "1"]

1. e4 c6 2. Nc3 d5 3. Nf3 dxe4 4. Nxe4 Bf5 5. Ng3 Bg6 6. h4 h6 7. Ne5 Qd6 8. d4 Nd7 9. Nxg6 Qxg6 10. Bd3 Qe6+ 11. Be3 Ngf6 12. Qf3 Qg4 13. Qxg4 Nxg4 14. Bf4 g6 15. f3 Ngf6 16. 0-0-0 Nd5 17. Bd2 e6 18. Rde1 0-0-0 19. Ne4 Nb4 20. Bc4 Nb6 21. Bb3 Be7 22. a3 N4d5 23. g3 Nf6 24. c3 Nbd7 25. Bf4 Nxe4 26. fxe4 Nf6 27. Be5 Rh7 28. Bxf6 Bxf6 29. Rhf1 Bh8 30. Rf3 Rd7 31. Ref1 Kd8 32. a4 a5 33. Bc4 h5 34. Kc2 Ke7 35. R1f2 Rd8 36. Bb3 b5 37. axb5 cxb5 38. d5 Be5 39. Rd2 exd5 40. Bxd5 f6 41. Kd3 Rhh8 42. Ke2 Rc8 43. Rfd3 Rhd8 44. Kf3 Rc7 45. g4 hxg4+ 46. Kxg4 a4 47. Rh3 Rh8 48. Rd1 Rc5 49. h5 gxh5+ 50. Rxh5 Rxh5 51. Kxh5 Kd6 52. Ra1 Rc8 53. Ra2 Rh8+ 54. Kg6 Rh2 55. Bf7 Rg2+ 56. Kh5 Re2 57. Be8 Rh2+ 58. Kg4 Kc5 59. Bf7 Kb6 60. Kf3 Rd2 61. Ke3 Rd7 62. Be6 Rg7 63. Bd5 Kc5 64. Be6 Re7 65. Bg8 Rg7 66. Be6 Kd6 67. Bf5 Rg1 68. Kd3 Kc5 69. Ke3 Rd1 70. Ke2 Rd6 71. Bg6 Bf4 72. Bf7 Bg5 73. Bg8 Kb6 74. c4 Rd4 75. cxb5 Rxe4+ 76. Kd3 Rb4 77. Kc3 Kxb5 78. Be6 Re4 79. Bd7+ Ka5 80. b3 Re3+ 81. Kc4 Re4+ 82. Kc3 Kb6 83. bxa4 Bf4 84. a5+ Ka7 85. a6 Be5+ 86. Kb3 Rd4 87. Bc8 Rd3+ 88. Kb4 Rd8 89. Bb7 f5 90. Rf2 f4 91. Rf3 Kb6 92. Kb3 Rg8 93. Kc2 Rg2+ 94. Kd3 Rg3 95. Ke4 Bb8 96. Rxg3 fxg3 97. Kf3 Ka7 98. Kg2 Bc7 99. Kf3 1/2-1/2

[Event "MGL-ch (Women) 49th"]
[Site "Dadal"]
[Date "2017.03.24"]
[Round "10"]
[White "Khulan, Enkhsaikhan"]
[Black "Nomindalai, Tumurbaatar"]
[Result "1-0"]
[WhiteElo "1982"]
[BlackElo "1804"]
[PlyCount "63"]
[EventDate "2017.03.17"]
[EventType "tourn"]
[EventRounds "11"]
[EventCountry "MGL"]
[SourceTitle "CBM 177 Extra"]
[Source "ChessBase"]
[SourceDate "2017.04.27"]
[SourceVersion "1"]
[SourceVersionDate "2017.04.27"]
[SourceQuality "1"]

1. c4 Nf6 2. g3 Nc6 3. Bg2 e5 4. Nf3 Bc5 5. 0-0 d6 6. Nc3 0-0 7. Na4 Bg4 8. Nxc5 dxc5 9. d3 h6 10. Re1 Qe7 11. h3 Be6 12. Kh2 Rad8 13. Qa4 Bd7 14. Qb3 b6 15. Bd2 Bc8 16. Bc3 Qe6 17. Rad1 Nd4 18. Nxd4 cxd4 19. Bd2 Qf5 20. f3 Qg6 21. g4 h5 22. Rg1 Nd7 23. Bh1 h4 24. Qc2 Nc5 25. f4 Rde8 26. f5 Qd6 27. Rdf1 f6 28. b4 Nd7 29. Bd5+ Kh8 30. Be4 Nb8 31. Qc1 Nc6 32. Qe1 1-0

[Event "World Amateur-ch U2000"]
[Site "Chalkidiki"]
[Date "2016.04.25"]
[Round "7"]
[White "Carcamo, Matias"]
[Black "Khulan, Enkhsaikhan"]
[Result "0-1"]
[WhiteElo "1995"]
[BlackElo "1918"]
[PlyCount "52"]
[EventDate "2016.04.19"]
[EventType "swiss"]
[EventRounds "9"]
[EventCountry "GRE"]
[SourceTitle "CBM 172 Extra"]
[Source "ChessBase"]
[SourceDate "2016.06.21"]
[SourceVersion "1"]
[SourceVersionDate "2016.06.21"]
[SourceQuality "1"]

1. e4 c6 2. d4 d5 3. Nc3 dxe4 4. Nxe4 Bf5 5. Ng3 Bg6 6. Nf3 Nd7 7. Bd3 e6 8. h4 Bxd3 9. Qxd3 Ngf6 10. Bg5 h6 11. Bd2 Bd6 12. 0-0-0 Qc7 13. Ne4 Nxe4 14. Qxe4 Nf6 15. Qe2 Bf4 16. Ne5 Bxd2+ 17. Rxd2 0-0-0 18. Rh3 Rhf8 19. g4 Nd5 20. Rf3 g5 21. h5 Nf4 22. Qe4 f5 23. Qe3 Qa5 24. Qb3 Rxd4 25. Nc4 Qd5 26. Qe3 Qxc4 0-1

[Event "World Amateur-ch U2000"]
[Site "Chalkidiki"]
[Date "2016.04.23"]
[Round "5"]
[White "Kozlowski, Thierry"]
[Black "Khulan, Enkhsaikhan"]
[Result "1/2-1/2"]
[WhiteElo "1979"]
[BlackElo "1918"]
[PlyCount "59"]
[EventDate "2016.04.19"]
[EventType "swiss"]
[EventRounds "9"]
[EventCountry "GRE"]
[SourceTitle "CBM 172 Extra"]
[Source "ChessBase"]
[SourceDate "2016.06.21"]
[SourceVersion "1"]
[SourceVersionDate "2016.06.21"]
[SourceQuality "1"]

1. d4 d5 2. c4 c6 3. Nf3 Nf6 4. e3 Bf5 5. Nc3 e6 6. Qb3 Qc7 7. Bd2 Nbd7 8. Rc1 Qb6 9. Nh4 Bg6 10. Nxg6 hxg6 11. Bd3 Qxb3 12. axb3 Bb4 13. f3 Bd6 14. f4 Bb4 15. Nd1 Bxd2+ 16. Kxd2 Ke7 17. Nf2 c5 18. h3 cxd4 19. exd4 Nh5 20. cxd5 Nxf4 21. dxe6 Nxe6 22. Rhe1 Kd8 23. Rc4 Nb6 24. Rb4 Nf4 25. Be4 Rb8 26. Ra1 Nfd5 27. Rb5 Nc7 28. Rb4 Na6 29. Rb5 Nc7 30. Rb4 1/2-1/2